Либерализъм след комунизма (Запис номер 10676)
[ съкратено ]
| 000 -Лидер | |
|---|---|
| Контролно поле с фиксирана дължина | 01929nam a2200421 c 4500 |
| 003 - Код на организацията, давaща контролен номер | |
| Контролно поле | BLK |
| 005 - Дата и час на последна редакция | |
| Контролно поле | 20240611090219.0 |
| 008 - Елементи от данни с фиксирана дължина | |
| fixed length control field | 180412b bul|||||r ||||||| ||bul|| |
| 010 ## - Наследен системен номер | |
| LC control number | KNG00012177000 |
| 020 ## - Международен стандартен номер на книга ISBN | |
| Международен стандартен номер на книга ISBN | 954-8010-61-5 |
| -- | издат.: ГАЛ-ИКО |
| 040 ## - Източник на каталожния запис | |
| Идентификатор на билиотеката - собственик на записа | BLK |
| 041 ## - Код за език | |
| Код за езика на текст/звукозапис или на отделно заглавие | Български |
| Код за езика КДБФ | Български |
| 080 ## - УДК | |
| Текстов определител УДК | Либерални партии |
| УДК код - определител по УДК | 329.12 |
| УДК определител | |
| УДК - код + определител | 329.12 |
| 080 ## - УДК | |
| Текстов определител УДК | Демокрация |
| УДК код - определител по УДК | 321.7 |
| УДК определител | .01(4-11) |
| УДК - код + определител | 321.7.01(4-11) |
| 100 1# - Редна дума - Автор | |
| Автор | Шацки, Йежи |
| Авторска отговорност | първи автор |
| R(LIN) | 255758 |
| 139 ## - Редно поле | |
| Редна дума | Шацки, Йежи |
| Авторски знак | Шах - Ш 42 |
| 245 10 - Сведения за заглавието | |
| Заглавие | Либерализъм след комунизма |
| Редно поле (дума) | Йежи Шацки; прев. от пол. Вера Деянова Деянова; прев. от пол. Валентин Т. Томов. |
| 257 ## - Страна на издаване | |
| Страна на създаване/издаване | Полша |
| 260 ## - Област на издателските данни | |
| -- | София |
| Име на издателя, разпространителя и проч. | ГАЛ-ИКО |
| Година на издаване | 1996 |
| 300 ## - Физическа характеристика | |
| Страници | 317 с. |
| Размери/Мащаб | 20 см |
| 380 ## - Жанр | |
| Жанр | Обществени науки |
| 490 1# - СЕРИИ (Колекции) | |
| Име на серия | Библиотека Politeia |
| 500 ## - Общи забележки | |
| Забележка | Ориг. загл. Liberalizm po komunizmie / Jerzy Szacki. - Библиогр. под линия ; Именен показалец. |
| 650 #4 - Допълнително описание по предмет – тема | |
| Основно описание – тема или топоним | Либерализъм |
| 9 (RLIN) | 160399 |
| 650 #4 - Допълнително описание по предмет – тема | |
| Основно описание – тема или топоним | Преход от тоталитаризъм към демокрация - източноевропейски страни |
| 9 (RLIN) | 255759 |
| 651 #4 - Допълнително описание по предмет - топоним | |
| Географско понятие | Източна Европа |
| 9 (RLIN) | 248919 |
| 653 ## - Ключова дума – ненормативна | |
| Ключова дума | либерализъм |
| 653 ## - Ключова дума – ненормативна | |
| Ключова дума | преходно общество |
| 653 ## - Ключова дума – ненормативна | |
| Ключова дума | Източна Европа |
| 700 ## - Други автори (авторска отговорност) | |
| Лично име | Деянова, Вера Деянова |
| Дати, свързани с автора | 1946 |
| Друга информация | Българска филология и история. Преводач от/на полски език. |
| 9 (RLIN) | 247273 |
| 700 1# - Други автори (авторска отговорност) | |
| Лично име | Томов, Валентин Т. |
| Автороска отговорност (Описва отношението между автора и произведението) | прев. от пол. |
| 9 (RLIN) | 364419 |
| 852 ## - Местоположение | |
| Форматна сигнатура | Цб 188640 |
| 856 4# - Електронен адрес и достъп | |
| Електронен формат | pdf - файл |
| Път до файла /url/ | |
| 856 4# - Електронен адрес и достъп | |
| Електронен формат | pdf - файл |
| Път до файла /url/ | |
| 942 ## - АРТИКУЛИ | |
| Вид на библиотечния материал | Книги |
| Скрит в OPAC | Не |
| 944 ## - СЪЗДАВАНЕ И РЕДАКЦИЯ на ЗАПИСА | |
| Създаване/Редакция | Създаване |
| Дата на регистрацията/редакция | 15.01.2003 |
| Служител, извършил регистрацията/редакцията | 30560 |
| Статус, дата на статуса | Геновева Генчева |
| 944 ## - СЪЗДАВАНЕ И РЕДАКЦИЯ на ЗАПИСА | |
| Създаване/Редакция | Редакция |
| Дата на регистрацията/редакция | 23.10.2015 |
| Служител, извършил регистрацията/редакцията | Милена_Ачева |
| 999 ## - СИСТЕМНИ КОНТРОЛНИ НОМЕРА | |
| Koha biblionumber | 10676 |
| Koha biblioitemnumber | 10676 |
| Код за отписване | Код за изгубен артикул | Източник на класификационната схема | Код за повреда | Коз за рестрикции | Код за отдаване | Артикулен № | Име на библиотеката - собственик | Име на библиотеката, в която се намира в момента | Статус (Текущо местоположение) | Дата на вписване в системата | Местоположение - отдел | Цена в лева | Инвентарен номер | Систематично азбучна сигнатура | Баркод | Номер на екземпляра | Цена в евро | Служебна бележка | Служебен тип на артикула |
|---|---|---|---|---|---|---|---|---|---|---|---|---|---|---|---|---|---|---|---|
| Изтеглен | Не е изгубен | Universal Decimal Classification | Не е повреден | без рестрикции | ползва се в читалня | 18494 | Регионална библиотека "Любен Каравелов" Русе | Регионална библиотека "Любен Каравелов" Русе | Читалня | 2001-01-01 | Читалня | 1.68 | 621689 | Ч 32/Ш 42 | 621689 | 1 | 0.86 | Дата инв: 22.03.2017 Бележки инв: Ч2017 | Книги |
| Не е изгубен | Universal Decimal Classification | Не е повреден | без рестрикции | ползва се в читалня | 18495 | Регионална библиотека "Любен Каравелов" Русе | Регионална библиотека "Любен Каравелов" Русе | Хранилище | 2001-01-01 | Хранилище | 1.68 | 622088 | Цб 188640 | 120000622088 | 2 | 0.86 | Книги |